000 00429nam a22001817a 4500
003 MPLRDC
005 20220104113908.0
008 210129b ||||| |||| 00| 0 eng d
020 _a7-5059-1021-3
082 _a848.2 GLH-21
100 _a郭良蕙著
245 _a早熟
_c
250 _a一版一刷
260 _a
_b中国文联出版公司
_c1989
300 _b
650 _a现代别集
942 _cBK
_o848.2 GLH-21
999 _c3195
_d3185